Bratislava hlavné mesto Slovenska orientačný plán Bratislavy

Na minha lista:
Detalhes bibliográficos
Formato: Livro
Idioma:eslovaco
Publicado em: Bratislava Kartografické nakladateľstvo 1968
Edição:3. vyd.
Tags: Adicionar Tag
Sem tags, seja o primeiro a adicionar uma tag!

MARC

LEADER 00000nam a2200000 4500
001 c122510
005 20041019155225.5
041 0 |a slo 
044 |a SK 
245 1 0 |a Bratislava hlavné mesto Slovenska  |b orientačný plán Bratislavy 
250 |a 3. vyd. 
264 1 |a Bratislava  |b Kartografické nakladateľstvo  |c 1968 
300 |a 29 s.  |e 50 farebných mp.